Interacciones entre transición demográfica y epidemiológica en Nicaragua (Registro nro. 33369)
[ vista simple ]
| 000 -LEADER | |
|---|---|
| fixed length control field | 00375 a2200109 4500 |
| 001 - CONTROL NUMBER | |
| control field | ART_44810 |
| 005 - DATE AND TIME OF LATEST TRANSACTION | |
| control field | 20260410162024.0 |
| 008 - FIXED-LENGTH DATA ELEMENTS--GENERAL INFORMATION | |
| fixed length control field | 260409a |
| 100 1# - MAIN ENTRY--PERSONAL NAME | |
| Personal name | Di Cesare, Mariachiara |
| 245 10 - TITLE STATEMENT | |
| Title | Interacciones entre transición demográfica y epidemiológica en Nicaragua |
| 773 0# - HOST ITEM ENTRY | |
| Title | Notas de población |
| Related parts | - Año XXXVI, Nº 89 (jul./dic. 2009) |
| Record control number | REV41841 |
No hay ítems disponibles.